| 000 | 00334nam a2200133Ia 4500 | ||
|---|---|---|---|
| 100 | _aMicrosoft Corporation/ Levesque | ||
| 942 | _cRB | ||
| 654 | _adigital communication | ||
| 245 | _aError control techniques for digital communication | ||
| 260 |
_bJohn Wiley _c1985 |
||
| 082 |
_a621.38 _bMIC |
||
| 300 | _a463 | ||
| 546 | _aENGLISH | ||
| 999 |
_c30181 _d30181 |
||